[Event "Titled Tuesday intern op 23rd Apr Late"]
[Site "Chess.com INT"]
[Date "2024.04.23"]
[Round "7"]
[White "Yanchenko, Roman"]
[Black "Hakobyan, Aram"]
[Result "1-0"]
[WhiteElo "2466"]
[BlackElo "2619"]
[PlyCount "103"]
[EventDate "2024.04.23"]
[EventType "swiss (blitz)"]
[EventRounds "11"]
[EventCountry "USA"]
[SourceTitle "CB18_2024"]
[SourceDate "2024.05.01"]
[SourceVersion "1"]
[SourceVersionDate "2024.05.01"]
[SourceQuality "2"]

1. d4 Nf6 2. Nf3 b6 3. c4 Bb7 4. Nc3 e6 5. g3 Bb4 6. Bg2 Bxc3+ 7. bxc3 d6 8. 0-0 Nbd7 9. a4 a5 10. Ba3 0-0 11. Qb3 Be4 12. Rfd1 Re8 13. e3 Qc8 14. Ne1 Bxg2 15. Kxg2 e5 16. c5 dxc5 17. dxc5 bxc5 18. Qc4 Qb7+ 19. Nf3 Qc6 20. Qb5 Qxb5 21. axb5 e4 22. Nd2 a4 23. Nc4 Nb6 24. Nxb6 cxb6 25. Rd6 Re6 26. Rad1 h5 27. Rxe6 fxe6 28. Rd6 Rb8 29. c4 Kf7 30. Rc6 Ne8 31. f3 exf3+ 32. Kxf3 Ke7 33. Ke4 Nd6+ 34. Kd3 Kd7 35. Bb2 Rb7 36. Be5 Ne8 37. Bb2 g5 38. h3 Nd6 39. g4 hxg4 40. hxg4 Nf7 41. Bf6 Nh6 42. Bxg5 Nxg4 43. Bf4 a3 44. Kc2 Nf6 45. Kb3 Ra7 46. Ka2 Ne4 47. Rxb6 Nc3+ 48. Ka1 Ke7 49. Ra6 Rd7 50. Rxa3 Ne4 51. b6 Rb7 52. Ra7 1-0

[Event "Titled Tuesday intern op 02nd Apr Late"]
[Site "Chess.com INT"]
[Date "2024.04.02"]
[Round "8"]
[White "Salinas Herrera, Pablo Patricio"]
[Black "Hakobyan, Aram"]
[Result "0-1"]
[WhiteElo "2487"]
[BlackElo "2619"]
[PlyCount "88"]
[EventDate "2024.04.02"]
[EventType "swiss (blitz)"]
[EventRounds "11"]
[EventCountry "USA"]
[SourceTitle "CB15_2024"]
[SourceDate "2024.04.10"]
[SourceVersion "1"]
[SourceVersionDate "2024.04.10"]
[SourceQuality "1"]

1. d4 g6 2. Nf3 Bg7 3. Bf4 d6 4. e3 Nd7 5. h3 e5 6. Bh2 Ne7 7. c4 0-0 8. Be2 exd4 9. exd4 Re8 10. 0-0 Nf5 11. Nc3 Nf6 12. Re1 Ne4 13. Nd5 c6 14. Nc3 Bd7 15. Bd3 Nxc3 16. bxc3 Qa5 17. Qb3 Qa6 18. Bxf5 Bxf5 19. Bxd6 Bd3 20. c5 Bc4 21. Qb2 Rxe1+ 22. Rxe1 Bf6 23. Be5 Be7 24. a3 b6 25. Bd6 Bf6 26. cxb6 axb6 27. Qd2 Bd5 28. Qf4 Bg7 29. Ng5 h6 30. Ne4 f5 31. Ng3 Ra7 32. Re8+ Kh7 33. Nxf5 Rf7 34. Re7 gxf5 35. Rxf7 Bxf7 36. Qxf5+ Kg8 37. Qd7 Qc4 38. Qd8+ Kh7 39. Qc7 b5 40. Kh2 Bf6 41. f4 Kg6 42. Bf8 Qd5 43. g4 Qa2+ 44. Kg3 Bh4+ 0-1

[Event "Titled Tuesday intern op 27th Feb Late"]
[Site "Chess.com INT"]
[Date "2024.02.27"]
[Round "1"]
[White "Hakobyan, Aram"]
[Black "Bressy, Theo"]
[Result "1-0"]
[WhiteElo "2619"]
[BlackElo "2192"]
[PlyCount "45"]
[EventDate "2024.02.27"]
[EventType "swiss (blitz)"]
[EventRounds "11"]
[EventCountry "USA"]
[SourceTitle "CB10_2024"]
[SourceDate "2024.03.06"]
[SourceVersion "1"]
[SourceVersionDate "2024.03.06"]
[SourceQuality "1"]

1. d4 d5 2. c4 c6 3. Nf3 Nf6 4. Nc3 dxc4 5. e4 b5 6. Be2 e6 7. 0-0 Be7 8. b3 cxb3 9. Qxb3 a6 10. e5 Nd5 11. Ne4 0-0 12. Bg5 f6 13. exf6 gxf6 14. Bh6 Rf7 15. Nfd2 Nd7 16. Bh5 Rg7 17. Bxg7 Kxg7 18. Rfe1 N7b6 19. Qg3+ Kh8 20. Nb3 Na4 21. Nbc5 Nxc5 22. dxc5 Bxc5 23. Nxc5 1-0

[Event "Titled Tuesday intern op 13th Feb Early"]
[Site "Chess.com INT"]
[Date "2024.02.13"]
[Round "5"]
[White "Banh, Gia Huy"]
[Black "Hakobyan, Aram"]
[Result "0-1"]
[WhiteElo "2390"]
[BlackElo "2619"]
[PlyCount "54"]
[EventDate "2024.02.13"]
[EventType "swiss (blitz)"]
[EventRounds "11"]
[EventCountry "USA"]
[SourceTitle "CB08_2024"]
[SourceDate "2024.02.21"]
[SourceVersion "1"]
[SourceVersionDate "2024.02.21"]
[SourceQuality "1"]

1. c4 g6 2. Nf3 Bg7 3. d4 c5 4. Nc3 cxd4 5. Nxd4 Nc6 6. e3 Nf6 7. Be2 0-0 8. 0-0 d6 9. e4 Nxe4 10. Nxc6 Nxc3 11. Nxd8 Nxd1 12. Nxf7 Nxb2 13. Nh6+ Kh8 14. Bg5 Na4 15. Bf3 Bf6 16. Bxf6+ Rxf6 17. Rfe1 e5 18. Rad1 Kg7 19. Ng4 Bxg4 20. Bxg4 Nc5 21. Rd5 Raf8 22. f3 h5 23. Bh3 g5 24. g3 b6 25. f4 gxf4 26. gxf4 Rg6+ 27. Kh1 Rxf4 0-1

[Event "Titled Tuesday intern op 13th Feb Early"]
[Site "Chess.com INT"]
[Date "2024.02.13"]
[Round "11"]
[White "Hakobyan, Aram"]
[Black "Beerdsen, Thomas"]
[Result "1-0"]
[WhiteElo "2619"]
[BlackElo "2501"]
[PlyCount "43"]
[EventDate "2024.02.13"]
[EventType "swiss (blitz)"]
[EventRounds "11"]
[EventCountry "USA"]
[SourceTitle "CB08_2024"]
[SourceDate "2024.02.21"]
[SourceVersion "1"]
[SourceVersionDate "2024.02.21"]
[SourceQuality "1"]

1. d4 Nf6 2. c4 a6 3. Nc3 b5 4. cxb5 axb5 5. Nxb5 e5 6. dxe5 Ne4 7. Nf3 Bb4+ 8. Bd2 Nxd2 9. Nxd2 0-0 10. a3 Bxd2+ 11. Qxd2 Nc6 12. e3 Bb7 13. Rc1 Nxe5 14. Qc3 Qf6 15. Nxc7 Rac8 16. Nd5 Qe6 17. Nc7 Qf6 18. Be2 Bxg2 19. Rg1 Bf3 20. Nd5 Qe6 21. Qxc8 Bxe2 22. Qxf8+ 1-0

[Event "Titled Tuesday intern op 13th Feb Early"]
[Site "Chess.com INT"]
[Date "2024.02.13"]
[Round "6"]
[White "Hakobyan, Aram"]
[Black "Gormally, Daniel"]
[Result "1-0"]
[WhiteElo "2619"]
[BlackElo "2419"]
[PlyCount "77"]
[EventDate "2024.02.13"]
[EventType "swiss (blitz)"]
[EventRounds "11"]
[EventCountry "USA"]
[SourceTitle "CB08_2024"]
[SourceDate "2024.02.21"]
[SourceVersion "1"]
[SourceVersionDate "2024.02.21"]
[SourceQuality "1"]

1. d4 Nf6 2. c4 e6 3. Nc3 Bb4 4. e3 0-0 5. a3 Bxc3+ 6. bxc3 d5 7. cxd5 exd5 8. Bd3 c5 9. Ne2 b6 10. 0-0 Ba6 11. f3 Re8 12. Ng3 Bxd3 13. Qxd3 Nc6 14. Bb2 h5 15. e4 h4 16. Nf5 dxe4 17. fxe4 Nxe4 18. d5 c4 19. Qxc4 Na5 20. Qd3 Nb3 21. c4 Nxa1 22. Nxg7 Qg5 23. Nxe8 Rxe8 24. Bxa1 Nc5 25. Qc2 Qe3+ 26. Kh1 Nd3 27. h3 Qe2 28. Qxe2 Rxe2 29. Bf6 Nc5 30. Bxh4 Re4 31. Bf6 Rxc4 32. d6 Nd7 33. Be7 Rd4 34. Rc1 f6 35. Rc7 Nc5 36. Rxa7 Kf7 37. Bd8+ Ke6 38. Bxb6 Ne4 39. Bxd4 1-0

[Event "Titled Tuesday intern op 06th Feb Late"]
[Site "Chess.com INT"]
[Date "2024.02.06"]
[Round "5"]
[White "Hakobyan, Aram"]
[Black "Korchmar, Vasiliy"]
[Result "0-1"]
[WhiteElo "2619"]
[BlackElo "2438"]
[PlyCount "58"]
[EventDate "2024.02.06"]
[EventType "swiss (blitz)"]
[EventRounds "11"]
[EventCountry "USA"]
[SourceTitle "CB07_2024"]
[SourceDate "2024.02.14"]
[SourceVersion "1"]
[SourceVersionDate "2024.02.14"]
[SourceQuality "1"]

1. d4 d5 2. c4 c6 3. Nf3 Nf6 4. Nc3 a6 5. Qc2 Bg4 6. Ne5 Be6 7. cxd5 cxd5 8. Bf4 g6 9. Qb3 Nc6 10. Qxb7 Nxd4 11. 0-0-0 Nb5 12. Nxb5 axb5 13. e4 Bg7 14. Bxb5+ Kf8 15. Nc6 Qe8 16. Nxe7 Bd7 17. Bxd7 Nxd7 18. Bd6 Rxa2 19. Nxg6+ Kg8 20. Ne7+ Kf8 21. Nxd5+ Kg8 22. Ne7+ Kf8 23. Nf5+ Kg8 24. Nxg7 Kxg7 25. Qxd7 Qxe4 26. Bc5 Qc4+ 27. Kd2 Rxb2+ 28. Ke3 Rb3+ 29. Rd3 Re8+ 0-1

[Event "Chessable Play In Match D3"]
[Site "Chess.com INT"]
[Date "2024.02.01"]
[Round "1.4"]
[White "Hakobyan, Aram"]
[Black "Yoo, Christopher Woojin"]
[Result "1/2-1/2"]
[WhiteElo "2619"]
[BlackElo "2595"]
[PlyCount "115"]
[EventDate "2024.02.01"]
[EventType "k.o. (rapid)"]
[EventRounds "1"]
[EventCountry "USA"]
[SourceTitle "CB06_2024"]
[SourceDate "2024.02.07"]
[SourceVersion "1"]
[SourceVersionDate "2024.02.07"]
[SourceQuality "1"]

1. d4 Nf6 2. c4 e6 3. Nc3 Bb4 4. e3 0-0 5. a3 Bxc3+ 6. bxc3 d5 7. cxd5 exd5 8. Bd3 b6 9. Ne2 Ba6 10. 0-0 c5 11. f3 Re8 12. Ng3 Bxd3 13. Qxd3 Nc6 14. Bb2 h5 15. Rae1 h4 16. Nf5 h3 17. g4 g6 18. Ng3 Rc8 19. g5 Nh7 20. f4 Na5 21. e4 cxd4 22. cxd4 Nc4 23. Bc1 dxe4 24. Nxe4 Nd6 25. Nxd6 Qxd6 26. d5 Nf8 27. Qxh3 Qc5+ 28. Re3 Qd4 29. Kh1 Qxd5+ 30. Qf3 Qxf3+ 31. Rexf3 Re2 32. Be3 Rc3 33. Bd4 Rxf3 34. Rxf3 Ne6 35. Bf6 Kf8 36. f5 gxf5 37. Rxf5 Kg8 38. Rf3 Kh7 39. h4 Kg6 40. Bc3 Re4 41. Rf6+ Kh5 42. Rxf7 Rxh4+ 43. Kg2 Rg4+ 44. Kf1 Rf4+ 45. Rxf4 Nxf4 46. Bf6 Ne6 47. Ke2 Nxg5 48. Kd3 Ne6 49. Kc4 Kg6 50. Be5 Kf5 51. Bb8 a6 52. Ba7 b5+ 53. Kb4 Ke4 54. Ka5 Kd3 55. Kxa6 Kc4 56. Ka5 Nf4 57. a4 bxa4 58. Kxa4 1/2-1/2

[Event "Chessable Play In Match D3"]
[Site "Chess.com INT"]
[Date "2024.02.01"]
[Round "1.1"]
[White "Yoo, Christopher Woojin"]
[Black "Hakobyan, Aram"]
[Result "1/2-1/2"]
[WhiteElo "2595"]
[BlackElo "2619"]
[PlyCount "124"]
[EventDate "2024.02.01"]
[EventType "k.o. (rapid)"]
[EventRounds "1"]
[EventCountry "USA"]
[SourceTitle "CB06_2024"]
[SourceDate "2024.02.07"]
[SourceVersion "1"]
[SourceVersionDate "2024.02.07"]
[SourceQuality "1"]

1. d4 Nf6 2. Nf3 d5 3. c4 e6 4. g3 Be7 5. Bg2 0-0 6. 0-0 dxc4 7. Qc2 a6 8. a4 Bd7 9. Bg5 Bc6 10. Nc3 Nd5 11. Bxe7 Qxe7 12. e4 Nxc3 13. bxc3 Nd7 14. Rfe1 b5 15. d5 Bb7 16. Nd4 e5 17. Nf5 Qf6 18. axb5 axb5 19. Qb2 Qb6 20. Rab1 Ra5 21. Qd2 h6 22. Bf1 Qc5 23. Bh3 Rd8 24. Ra1 Rxa1 25. Rxa1 Nf6 26. Qe2 Bc8 27. Ra8 Qf8 28. Qb2 Nxe4 29. Qxb5 Bxf5 30. Rxd8 Qxd8 31. Bxf5 Nd6 32. Qb1 Nxf5 33. Qxf5 Qxd5 34. Qc8+ Kh7 35. Qxc7 f5 36. h4 Qd1+ 37. Kg2 Qe2 38. Qf7 Qe4+ 39. Kg1 f4 40. h5 f3 41. Kh2 Qg4 42. Qe8 Qf5 43. Kg1 Qb1+ 44. Kh2 Qc2 45. Kg1 Qf5 46. Kh2 e4 47. Kg1 Qg4 48. Kh2 e3 49. fxe3 f2 50. Kg2 Qf5 51. Kf1 Qf3 52. Qg6+ Kg8 53. Qe8+ Kh7 54. Qg6+ Kh8 55. e4 Qe3 56. Qe8+ Kh7 57. Qg6+ Kh8 58. Kg2 Qe2 59. Qe8+ Kh7 60. Qg6+ Kh8 61. Qe8+ Kh7 62. Qg6+ Kh8 1/2-1/2

[Event "Chessable Masters Play In"]
[Site "Chess.com INT"]
[Date "2024.01.31"]
[Round "7"]
[White "Hakobyan, Aram"]
[Black "Ter Sahakyan, Samvel"]
[Result "0-1"]
[WhiteElo "2616"]
[BlackElo "2649"]
[PlyCount "90"]
[EventDate "2024.01.31"]
[EventType "swiss (rapid)"]
[EventRounds "9"]
[EventCountry "USA"]
[SourceTitle "CB06_2024"]
[SourceDate "2024.02.07"]
[SourceVersion "1"]
[SourceVersionDate "2024.02.07"]
[SourceQuality "1"]

1. e4 c5 2. Nf3 d6 3. d4 cxd4 4. Nxd4 Nf6 5. Nc3 a6 6. Bg5 e6 7. Qf3 Nbd7 8. 0-0-0 Qc7 9. Bxf6 Nxf6 10. g4 Be7 11. g5 Nd7 12. h4 b5 13. a3 Rb8 14. Qg3 b4 15. axb4 Rxb4 16. Nf5 exf5 17. Nd5 Qc5 18. Nxb4 Qxb4 19. exf5 Nc5 20. Bh3 Na4 21. Qb3 Qxb3 22. cxb3 Nb6 23. Rhe1 Kd8 24. f6 gxf6 25. gxf6 Bf8 26. Bxc8 Kxc8 27. Kb1 Kd7 28. Re5 d5 29. Rde1 Bb4 30. Rg1 Bd6 31. Re2 Bf8 32. Rge1 Bb4 33. Rg1 Bf8 34. Kc2 h5 35. Ra1 Rh6 36. Rxa6 Rxf6 37. Ra7+ Kc6 38. Kd1 Kb5 39. Rb7 Bd6 40. Ke1 Ka6 41. Rbe7 Bxe7 42. Rxe7 Re6+ 43. Rxe6 fxe6 44. Kd2 e5 45. Ke3 Nd7 0-1

[Event "Chessable Masters Play In"]
[Site "Chess.com INT"]
[Date "2024.01.31"]
[Round "1"]
[White "Ibarra Jerez, Jose Carlos"]
[Black "Hakobyan, Aram"]
[Result "1/2-1/2"]
[WhiteElo "2559"]
[BlackElo "2616"]
[PlyCount "51"]
[EventDate "2024.01.31"]
[EventType "swiss (rapid)"]
[EventRounds "9"]
[EventCountry "USA"]
[SourceTitle "CB06_2024"]
[SourceDate "2024.02.07"]
[SourceVersion "1"]
[SourceVersionDate "2024.02.07"]
[SourceQuality "1"]

1. e4 c5 2. Nf3 d6 3. d4 cxd4 4. Nxd4 Nf6 5. Nc3 a6 6. g3 e5 7. Nb3 Be7 8. Bg5 Be6 9. Bxf6 Bxf6 10. Qd3 0-0 11. 0-0-0 Be7 12. h4 Nd7 13. f4 Nf6 14. f5 Bxb3 15. axb3 Qa5 16. Kb1 Rac8 17. Be2 Rfd8 18. Bf3 h5 19. Qe2 Rxc3 20. bxc3 Qxc3 21. Rd3 Qb4 22. Qe1 Qb6 23. Qe3 Qb4 24. Qe1 Qb6 25. Qe3 Qb4 26. Qe1 1/2-1/2